Fiscal Policy of Slovakia and Its Impact on the State Budget Deficit

Aj keď Slovensko nepatrí ku krajinám s výrazne vysokým zadĺžením, nepodarilo sa mu od jeho založenia v r. 1993 vytvoriť vyrovnaný rozpočet. Vláda preto vytvorila program na stabilizáciu štátneho rozpočtu. Vyhodnotenie implementácie vládnych opatrení v oblasti vývoja verejných financií.

Salvato in:
Dettagli Bibliografici
Autore principale: Matoušková, Eleonóra, 1962-
Natura: Capitolo di libro
Lingua:inglese
Soggetti:
Tags: Aggiungi Tag
Nessun Tag, puoi essere il primo ad aggiungerne!!

MARC

LEADER 00000naa$a2200000$$$4500
001 0248658
005 20240712111946.2
041 0 |a eng 
044 |a BG 
245 1 0 |a Fiscal Policy of Slovakia and Its Impact on the State Budget Deficit  |c Eleonóra Matoušková 
520 |a Aj keď Slovensko nepatrí ku krajinám s výrazne vysokým zadĺžením, nepodarilo sa mu od jeho založenia v r. 1993 vytvoriť vyrovnaný rozpočet. Vláda preto vytvorila program na stabilizáciu štátneho rozpočtu. Vyhodnotenie implementácie vládnych opatrení v oblasti vývoja verejných financií. 
610 2 0 |a politika fiškálna 
610 2 0 |a rozpočet štátny 
610 2 0 |a dlhy verejné 
610 2 0 |a deficit 
610 2 0 |a deficit rozpočtový 
100 1 |a Matoušková, Eleonóra, 1962-